Vainqueurs du FA Community Shield - Statistiques

Statistiques générales
  • Ce quiz a été pris 48 fois
    17 depuis la dernière actualisation
  • Le résultat moyen est 85 sur 113
Statistiques - réponses
Année Vainqueur % Correct
1937 | 1968 | 1972 | +4 others Manchester City
100%
1930 | 1931 | 1933 | +14 others Arsenal FC
93%
1955 | 2000 | 2005 | 2009 Chelsea FC
93%
1971 | 2021 Leicester City
93%
1964 | 1965 | 1966 | +13 others Liverpool FC
93%
1908 | 1911 | 1952 | +18 others Manchester United
93%
1978 Nottingham Forest
86%
1921 | 1951 | 1961 | +4 others Tottenham Hotspur
79%
1981 Aston Villa
71%
1909 Newcastle United
71%
1935 Sheffield Wednesday
71%
1936 Sunderland AFC
71%
1964 West Ham United
71%
1928 | 1932 | 1963 | +6 others Everton FC
64%
1969 | 1992 Leeds United
57%
1949 | 1954 | 1959 | 1960 Wolverhampton Wanderers
57%
1912 Blackburn Rovers
50%
1958 Bolton Wanderers
36%
1960 | 1973 Burnley FC
29%
1920 | 1954 West Bromwich Albion
29%
1949 Portsmouth FC
21%
1910 Brighton & Hove Albion
14%
1927 Cardiff City
14%
1975 Derby County
14%
1922 Huddersfield Town
7%
1950 Angleterre
0%
1925 | 1926 English Amateurs
0%
1913 | 1923 | 1924 | 1929 English Professionals
0%
Aucun quiz correspondant
Distribution des résultats
% des personnes avec chaque résultat
Percentile par nombre de réponses
Votre historique - résultats
Vous n’avez pas pris ce quiz depuis la dernière actualisation